000
00287nam a2200121Ia 4500
008
190216s9999||||xx |||||||||||||| ||und||
100
_a
Yves R Talpaert
245
0
_a
Mechanics Tensors And Virtual Works
260
_b
Viva Book
_c
2008
300
_a
460
650
_a
Physics
942
_c
BK
999
_c
34251
_d
34251